Conservación y restauración de la estructura dental / (Registro nro. 1466)

Detalles MARC
000 -CABECERA
campo de control de longitud fija 02385nam a2200277Ia 4500
003 - IDENTIFICADOR DEL NÚMERO DE CONTROL
campo de control AR-RoIUNI
005 - FECHA Y HORA DE LA ÚLTIMA TRANSACCIÓN
campo de control 20241122062909.0
007 - CAMPO FIJO DE DESCRIPCIÓN FÍSICA--INFORMACIÓN GENERAL
campo de control de longitud fija ta
008 - DATOS DE LONGITUD FIJA--INFORMACIÓN GENERAL
campo de control de longitud fija 150616s1999 sp r 000 0 spa d
020 ## - NÚMERO INTERNACIONAL ESTÁNDAR DEL LIBRO
Número Internacional Estándar del Libro 8481743909
040 ## - FUENTE DE LA CATALOGACIÓN
Centro/agencia transcriptor AR-RoIUNI
Lengua de catalogación spa
Normas de descripción aarc2
080 ## - NÚMERO DE LA CLASIFICACIÓN DECIMAL UNIVERSAL
Número de la Clasificación Decimal Universal 616.314-08
100 1# - ENTRADA PRINCIPAL--NOMBRE DE PERSONA
Nombre de persona Mount, Graham J.
245 10 - MENCIÓN DE TÍTULO
Título Conservación y restauración de la estructura dental /
Mención de responsabilidad, etc. G. J. Mount, W. R. Hume.
260 ## - PUBLICACIÓN, DISTRIBUCIÓN, ETC. (PIE DE IMPRENTA)
Lugar de publicación, distribución, etc. Madrid :
Nombre del editor, distribuidor, etc. Harcourt Brace,
Fecha de publicación, distribución, etc. c1999.
300 ## - DESCRIPCIÓN FÍSICA
Extensión 272 p. :
Otras características físicas il. col. y n. ;
Dimensiones 29 cm
504 ## - NOTA DE BIBLIOGRAFÍA, ETC.
Bibliografía, etc. Incluye bibliografía e índice.
505 0# - NOTA DE CONTENIDO CON FORMATO
Nota de contenido con formato Capítulo 1. Estructura dental -- Capítulo 2. Características y progresión de la caries dental -- Capítulo 3. Tratamiento y control de la caries -- Capítulo 4. Cambios no cariosos en las coronas dentales -- Capítulo 5. Dinámica de los procesos patológicos de la pulpa dental -- Capítulo 6. Instrumentos cortantes utilizados en la restauración dental -- Capítulo 7. Principios básicos de la odontología restauradora -- Capítulo 8. Materiales de ionómeros de vidrio -- Capítulo 9. Resinas de composite -- Capítulo 10. Amalgamas dentales -- Capítulo 11. Preparación del diente para la restauración con materiales plásticos -- Capítulo 12. Materiales rígidos utilizados en la restauración dental -- Capítulo 13. Preparación del diente para la restauración con materiales rígidos -- Capítulo 14. Otros procedimientos clínicos relacionados con la fabricación de restauraciones rígidas -- Capítulo 15. Restauración estética de los dientes anteriores -- Capítulo 16. Elección entre diferentes métodos de restauración -- Capítulo 17. Protección pulpar durante la restauración dental y después de la misma -- Capítulo 18. Tratamiento de la pulpa vital -- Capítulo 19. Restauración de los dientes sin pulpa -- Capítulo 20. Consideraciones periodontales en la restauración dental --Capítulo 21. Oclusión y restauración de dientes individuales -- Capítulo 22. Fracasos de restauraciones individuales y su tratamiento -- Apéndice I. Peligros para el odontólogo y sus ayudantes -- Apéndice II. Control de las infecciones.
534 ## - NOTA SOBRE LA VERSIÓN ORIGINAL
Mención de título del original Obra original: Preservation and restoration of tooth structure.
650 #0 - PUNTO DE ACCESO ADICIONAL DE MATERIA--TÉRMINO DE MATERIA
Término de materia o nombre geográfico como elemento inicial Odontología
9 (RLIN) 546
650 #4 - PUNTO DE ACCESO ADICIONAL DE MATERIA--TÉRMINO DE MATERIA
Término de materia o nombre geográfico como elemento inicial OPERATORIA DENTAL
650 #4 - PUNTO DE ACCESO ADICIONAL DE MATERIA--TÉRMINO DE MATERIA
Término de materia o nombre geográfico como elemento inicial TÉCNICA DE PRÓTESIS Y OCLUSIÓN
650 #4 - PUNTO DE ACCESO ADICIONAL DE MATERIA--TÉRMINO DE MATERIA
Término de materia o nombre geográfico como elemento inicial ODONTOLOGÍA RESTAURADORA
700 1# - PUNTO DE ACCESO ADICIONAL--NOMBRE DE PERSONA
Nombre de persona Hume, W. R.
942 ## - ELEMENTOS DE PUNTO DE ACCESO ADICIONAL (KOHA)
Tipo de ítem Koha Libros
Fuente del sistema de clasificación o colocación Clasificación Decimal Universal
Existencias
Estado de retiro Estado de pérdida Fuente del sistema de clasificación o colocación Estado dañado Excepción de préstamo Código de colección Localización permanente Ubicación/localización actual Ubicación en estantería Fecha de adquisición Número de inventario Total de préstamos Signatura topográfica completa Código de barras Fecha visto por última vez Fecha del último préstamo Número de copia Precio válido a partir de Tipo de ítem Koha
    Clasificación Decimal Universal     Odontología BIBLIOTECA RIOBAMBA BIBLIOTECA RIOBAMBA BIBLIOTECA RIOBAMBA 16/06/2015 1467 3 616.314-08 MOU 1467 23/10/2025 28/09/2023 1 16/06/2015 Libros